<?xml version="1.0" encoding="UTF-8"?>
<record
    xmlns:xsi="http://www.w3.org/2001/XMLSchema-instance"
    xsi:schemaLocation="http://www.loc.gov/MARC21/slim http://www.loc.gov/standards/marcxml/schema/MARC21slim.xsd"
    xmlns="http://www.loc.gov/MARC21/slim">

  <leader>02810cam a2200385 i 4500</leader>
  <controlfield tag="001">13599087</controlfield>
  <controlfield tag="003">EG-ScBUE</controlfield>
  <controlfield tag="005">20260124103815.0</controlfield>
  <controlfield tag="008">040518t2006    ii a   f b    001 0 eng d</controlfield>
  <datafield tag="020" ind1=" " ind2=" ">
    <subfield code="a">9788126521920 (alk. paper)</subfield>
  </datafield>
  <datafield tag="035" ind1=" " ind2=" ">
    <subfield code="a">(DNLM)101217743</subfield>
  </datafield>
  <datafield tag="040" ind1=" " ind2=" ">
    <subfield code="a">DNLM/DLC</subfield>
    <subfield code="b">eng</subfield>
    <subfield code="e">rda</subfield>
    <subfield code="c">DLC</subfield>
    <subfield code="d">DLC</subfield>
    <subfield code="d">EG-ScBUE</subfield>
  </datafield>
  <datafield tag="082" ind1="0" ind2="4">
    <subfield code="a">572.86330285</subfield>
    <subfield code="2">22</subfield>
    <subfield code="b">BIO</subfield>
  </datafield>
  <datafield tag="245" ind1="0" ind2="0">
    <subfield code="a">Bioinformatics :</subfield>
    <subfield code="b">a practical guide to the analysis of genes and proteins /</subfield>
    <subfield code="c">edited by Andreas D. Baxevanis, B. F. Francis Ouellette.</subfield>
  </datafield>
  <datafield tag="250" ind1=" " ind2=" ">
    <subfield code="a">Third edition</subfield>
  </datafield>
  <datafield tag="264" ind1=" " ind2="1">
    <subfield code="a">New Delhi :</subfield>
    <subfield code="b">Wiley,</subfield>
    <subfield code="c">[2006]</subfield>
  </datafield>
  <datafield tag="264" ind1=" " ind2="4">
    <subfield code="c">c2006</subfield>
  </datafield>
  <datafield tag="300" ind1=" " ind2=" ">
    <subfield code="a">xviii, 540 pages :</subfield>
    <subfield code="b">illustrations (chiefly color) ;</subfield>
    <subfield code="c">29 cm</subfield>
  </datafield>
  <datafield tag="336" ind1=" " ind2=" ">
    <subfield code="2">rdacontent</subfield>
    <subfield code="a">text</subfield>
    <subfield code="b">txt</subfield>
  </datafield>
  <datafield tag="337" ind1=" " ind2=" ">
    <subfield code="a">unmediated</subfield>
    <subfield code="2">rdamedia</subfield>
    <subfield code="b">n</subfield>
  </datafield>
  <datafield tag="338" ind1=" " ind2=" ">
    <subfield code="a">volume</subfield>
    <subfield code="b">nc</subfield>
    <subfield code="2">rdacarrier</subfield>
  </datafield>
  <datafield tag="504" ind1=" " ind2=" ">
    <subfield code="a">Includes bibliographical references and index.</subfield>
  </datafield>
  <datafield tag="505" ind1="0" ind2=" ">
    <subfield code="a">Sequence databases / Rolf Apweiler -- Mapping databases / Tara Matise and Peter S. White -- Information retrieval from biological databases / Andreas D. Baxevanis -- Genomic databases / Tyra Wolfsberg -- Predictive methods using DNA sequences / Roderic Guig&#xFFFD;o and Enrique Blanco -- Predictive methods using RNA sequences / Michael Zucker and David Mathews -- Sequence polymorphisms / James C. Mullikin and Stephen T. Sherry -- Predictive methods using protein sequences / Burkhard Rost and Yanay Ofran -- Protein structure prediction and analysis / David Wishart -- Intermolecular interactions and biological pathways / Gary D. Bader and Anton J. Enright -- Assessing pairwise sequence similarity: blast and fasta / Andreas D. Baxevanis -- Creation and analysis of protein multiple sequence alignments / Geoffrey J. Barton -- Sequence assembly and finishing methods / Gerard Bouffard, Nancy F. Hansen, and Pamela Jacques Thomas -- Phylogenetic analysis / Fiona S.L. Brinkman -- Computational approaches in comparative genomics / Andreas D. Baxevanis -- Microarray analysis / John Quackenbush -- Proteomics and protein identification / Michael Giddings, Mark R. Holmes, and Kevin Ramkissoon -- Using perl to facilitate biological analysis / Lincoln D. Stein.</subfield>
  </datafield>
  <datafield tag="650" ind1=" " ind2="0">
    <subfield code="a">Bioinformatics.</subfield>
    <subfield code="9">12930</subfield>
  </datafield>
  <datafield tag="650" ind1=" " ind2="7">
    <subfield code="a">Base Sequence.</subfield>
    <subfield code="2">BUEsh</subfield>
    <subfield code="9">12931</subfield>
  </datafield>
  <datafield tag="650" ind1=" " ind2="7">
    <subfield code="a">Sequence Analysis</subfield>
    <subfield code="x">methods.</subfield>
    <subfield code="2">BUEsh</subfield>
    <subfield code="9">12932</subfield>
  </datafield>
  <datafield tag="650" ind1=" " ind2="7">
    <subfield code="a">Computational Biology</subfield>
    <subfield code="x">methods.</subfield>
    <subfield code="2">BUEsh</subfield>
    <subfield code="9">12933</subfield>
  </datafield>
  <datafield tag="655" ind1=" " ind2=" ">
    <subfield code="v">Reading book</subfield>
  </datafield>
  <datafield tag="700" ind1="1" ind2=" ">
    <subfield code="a">Baxevanis, Andreas D.,</subfield>
    <subfield code="e">editor.</subfield>
    <subfield code="9">12935</subfield>
  </datafield>
  <datafield tag="700" ind1="1" ind2=" ">
    <subfield code="a">Ouellette, B. F. Francis,</subfield>
    <subfield code="e">editor.</subfield>
    <subfield code="9">12936</subfield>
  </datafield>
  <datafield tag="856" ind1="4" ind2="1">
    <subfield code="3">Table of contents only</subfield>
    <subfield code="u">http://www.loc.gov/catdir/toc/wiley041/2004011822.html</subfield>
  </datafield>
  <datafield tag="856" ind1="4" ind2="2">
    <subfield code="3">Contributor biographical information</subfield>
    <subfield code="u">http://www.loc.gov/catdir/enhancements/fy0616/2004011822-b.html</subfield>
  </datafield>
  <datafield tag="856" ind1="4" ind2="2">
    <subfield code="3">Publisher description</subfield>
    <subfield code="u">http://www.loc.gov/catdir/enhancements/fy0616/2004011822-d.html</subfield>
  </datafield>
  <datafield tag="942" ind1=" " ind2=" ">
    <subfield code="2">ddc</subfield>
    <subfield code="c">BB</subfield>
  </datafield>
  <datafield tag="999" ind1=" " ind2=" ">
    <subfield code="c">13742</subfield>
    <subfield code="d">13742</subfield>
  </datafield>
  <datafield tag="952" ind1=" " ind2=" ">
    <subfield code="0">0</subfield>
    <subfield code="1">0</subfield>
    <subfield code="2">ddc</subfield>
    <subfield code="4">0</subfield>
    <subfield code="7">0</subfield>
    <subfield code="8">Alahram</subfield>
    <subfield code="a">MAIN</subfield>
    <subfield code="b">MAIN</subfield>
    <subfield code="c">1ST</subfield>
    <subfield code="d">2010-03-21</subfield>
    <subfield code="e">purchase</subfield>
    <subfield code="g">148.50</subfield>
    <subfield code="h">34</subfield>
    <subfield code="l">0</subfield>
    <subfield code="o">572.86330285 BIO</subfield>
    <subfield code="p">000020264</subfield>
    <subfield code="r">2025-07-15 00:00:00</subfield>
    <subfield code="w">2010-03-21</subfield>
    <subfield code="y">BB</subfield>
  </datafield>
</record>
